[Event "Lyon Memory Trophy 2nd"]
[Site "Lyon"]
[Date "2016.05.05"]
[Round "5.1"]
[White "Giroyan, Gary"]
[Black "Trabet, Nicolas"]
[Result "1-0"]
[WhiteElo "2397"]
[BlackElo "1943"]
[PlyCount "65"]
[EventDate "2016.05.05"]
[EventType "swiss (rapid)"]
[EventRounds "5"]
[EventCountry "FRA"]
[SourceTitle "EXT 2024"]
[Source "ChessBase"]
[SourceDate "2023.10.10"]
[SourceVersion "1"]
[SourceVersionDate "2023.10.10"]
[SourceQuality "1"]

1. d4 Nf6 2. c4 c5 3. d5 b5 4. Qc2 bxc4 5. e4 d6 6. Bxc4 g6 7. Nc3 Bg7 8. h3 0-0 9. Nf3 Nbd7 10. 0-0 Nb6 11. Be2 Nfd7 12. a4 a5 13. Be3 Nb8 14. Ne1 Na6 15. Nd3 Bd7 16. Qc1 Re8 17. Bh6 Bh8 18. f4 Nb4 19. f5 Nxd3 20. Bxd3 Bg7 21. Qf4 f6 22. h4 Bc8 23. Bxg7 Kxg7 24. fxg6 hxg6 25. e5 dxe5 26. Qg3 Rg8 27. Qxg6+ Kf8 28. Qh6+ Rg7 29. Rae1 Kg8 30. Be4 Ra7 31. Rf5 Rh7 32. Rg5+ fxg5 33. Bxh7+ 1-0